(Sudden Death) Teams that hasn’t won the UEFA Champions League. - Statistics

General Stats
  • This quiz has been taken 16 times
  • The average score is 9 of 14
Answers on the Grid
Answers color-coded by a green-red scale on the quiz's grid according to % correct below.
Arsenal
Barcelona
PSV Eindhoven
CSKA Sofia
Atletico Madrid
Athletic Bilbao
Celtic
Real Madrid
Tottenham Hotspurs
Red star Belgrade
Zenit St.Petersburg
Ajax Amsterdam
Olympique Marseille
Paris Saint Germain
Bayer Leverkusen
Hajduk Split
Juventus
Red Bull Leipzig
Inter Milan
Rangers
Steaua București
F.C. Porto
SL Benfica
Eintracht Frankfurt
Borussia Dortmund
HSV Hamburg
Manchester United
Blackburn Rovers
Schalke 04
RC Lens
 
Answer Stats
Answer % Correct
Arsenal
88%
Athletic Bilbao
75%
CSKA Sofia
75%
Eintracht Frankfurt
75%
Tottenham Hotspurs
75%
Atletico Madrid
63%
Schalke 04
63%
Bayer Leverkusen
50%
Blackburn Rovers
50%
Hajduk Split
50%
Rangers
50%
RC Lens
50%
Red Bull Leipzig
50%
Zenit St.Petersburg
50%
No matching quizzes found
Score Distribution
Percent of People with Each Score
Percentile by Number Answered
Your Score History
You have not taken this quiz